<?xml version="1.0" encoding="UTF-8"?>
<collection xmlns="http://www.loc.gov/MARC21/slim">
 <record>
  <leader>01509nam a2200229Ia 4500</leader>
  <controlfield tag="001">CTU_147971</controlfield>
  <controlfield tag="008">210402s9999    xx            000 0 und d</controlfield>
  <datafield tag="020" ind1=" " ind2=" ">
   <subfield code="c">600000</subfield>
  </datafield>
  <datafield tag="082" ind1=" " ind2=" ">
   <subfield code="a">915.97</subfield>
  </datafield>
  <datafield tag="082" ind1=" " ind2=" ">
   <subfield code="b">Kh113</subfield>
  </datafield>
  <datafield tag="100" ind1=" " ind2=" ">
   <subfield code="a">Phạm, Khắc</subfield>
  </datafield>
  <datafield tag="245" ind1=" " ind2="0">
   <subfield code="a">Mê Kông ký sự :</subfield>
  </datafield>
  <datafield tag="245" ind1=" " ind2="0">
   <subfield code="b">Phim và ảnh = The Mekong diaries : Film and photos</subfield>
  </datafield>
  <datafield tag="245" ind1=" " ind2="0">
   <subfield code="c">Phạm Khắc ; Bài viết: Trần Đức Tuấn</subfield>
  </datafield>
  <datafield tag="260" ind1=" " ind2=" ">
   <subfield code="a">Hà Nội</subfield>
  </datafield>
  <datafield tag="260" ind1=" " ind2=" ">
   <subfield code="b">Văn nghệ</subfield>
  </datafield>
  <datafield tag="260" ind1=" " ind2=" ">
   <subfield code="c">2009</subfield>
  </datafield>
  <datafield tag="520" ind1=" " ind2=" ">
   <subfield code="a">Trong suốt quá trình thực hiện bộ phim Mê Kông ký sự và hàng chục chuyến ghi hình trên lãnh thổ sáu nước mà dòng sông chảy qua gồm: Trung Quốc, Mianma, Lào, Thái Lan, Campuchia và Việt Nam. Nghệ sỹ nhân dân Phạm Khắc (Phạm Tấn Phước) đã giành thời gian, tâm huyết cho hoạt động nhiếp ảnh với đề tài sông Mê Kông đã sở hữu một kho tư liệu khoảng 20.000 tắc phẩm. Cuốn sách này là một phần nhỏ trong số đó của ông ghi lại phong tục, tập quán sinh hoạt của cư dân của 6 nước sống hai bên dòng sông này bằng những tấm ảnh tuyệt đẹp.</subfield>
  </datafield>
  <datafield tag="650" ind1=" " ind2=" ">
   <subfield code="a">Vietnam,Mekong river,Việt Nam,Sông Mê Kông</subfield>
  </datafield>
  <datafield tag="650" ind1=" " ind2=" ">
   <subfield code="x">Geography,Địa lý</subfield>
  </datafield>
  <datafield tag="904" ind1=" " ind2=" ">
   <subfield code="i">QHieu</subfield>
  </datafield>
  <datafield tag="980" ind1=" " ind2=" ">
   <subfield code="a">Trung tâm Học liệu Trường Đại học Cần Thơ</subfield>
  </datafield>
 </record>
</collection>
